[Event "3. Hrvatska liga zapad 2017."]
[Site "Pula, Gospić, Rijeka"]
[Date "2017.03.25"]
[Round "1.5"]
[White "Radmanovic, Lazar"]
[Black "Causevic, Miro"]
[Result "1/2-1/2"]
[WhiteElo "1797"]
[BlackElo "1636"]
[PlyCount "140"]
[EventDate "2017.03.25"]

1. e4 c5 2. Nf3 Nc6 3. d3 d6 4. Be2 g6 5. c3 Nf6 6. Bg5 Bg7 7. O-O Qb6 8. Qc2
h6 9. Be3 Ng4 10. Bd2 Nge5 11. Na3 Nxf3+ 12. Bxf3 Qd8 13. Nc4 b5 14. Ne3 Rb8
15. Rab1 Bd7 16. Rfd1 a5 17. Be2 Be6 18. Nd5 Bd7 19. Qc1 e6 20. Ne3 b4 21. Nc4
Qe7 22. Bf4 e5 23. Bd2 Be6 24. f4 d5 25. exd5 Bxd5 26. Re1 O-O 27. fxe5 Bxc4
28. dxc4 Qe6 29. Bxh6 bxc3 30. Bxg7 Kxg7 31. Qxc3 Rh8 32. Bf3 Nd4 33. Bd5 Qf5
34. e6 fxe6 35. Bxe6 Qf4 36. Bh3 Rhe8 37. Rxe8 Rxe8 38. Re1 Rf8 39. Qe3 Qh4 40.
Qe7+ Qxe7 41. Rxe7+ Kh6 42. g3 Nf3+ 43. Kg2 g5 44. Bg4 Nd4 45. Rc7 Nc2 46. Rc6+
Kg7 47. Re6 Nd4 48. Re5 Nc2 49. Bd1 Kf6 50. Re2 Nd4 51. Rf2+ Ke7 52. Rxf8 Kxf8
53. Kf2 Ke7 54. Ke3 Kf6 55. h4 gxh4 56. gxh4 Nf5+ 57. Ke4 Nxh4 58. Kd5 Nf5 59.
Kxc5 Ne3 60. Ba4 Ke5 61. Kb5 Kd4 62. Bb3 Nf5 63. Kxa5 Kc5 64. Bc2 Nd4 65. Bd3
Nc6+ 66. Ka4 Nb4 67. Bf1 Nxa2 68. Kb3 Nb4 69. Ka4 Na2 70. Ka3 Nb4 1/2-1/2

[Event "3. Hrvatska liga zapad 2017."]
[Site "Pula, Gospić, Rijeka"]
[Date "2017.03.25"]
[Round "1.5"]
[White "Desnica, Lara"]
[Black "Mazuran, Gabrijel"]
[Result "0-1"]
[WhiteElo "1300"]
[BlackElo "1772"]
[PlyCount "78"]
[EventDate "2017.03.25"]

1. e4 c5 2. Nc3 e6 3. g3 Nc6 4. Bg2 Nf6 5. f4 d5 6. e5 d4 7. exf6 dxc3 8. fxg7
cxd2+ 9. Bxd2 Bxg7 10. c3 O-O 11. Nf3 e5 12. Qc2 e4 13. Ng5 h6 14. Nh3 Be6 15.
a3 Na5 16. O-O Bb3 17. Qc1 Bc4 18. Qc2 Nb3 19. Rad1 Bxf1 20. Bxf1 Nxd2 21. Rxd2
Qe7 22. Re2 f5 23. Re3 a6 24. Nf2 h5 25. Qb3+ Kh8 26. Qd1 Qf7 27. Nh3 Rfd8 28.
Qe2 Bf6 29. Ng5 Bxg5 30. fxg5 b5 31. h3 c4 32. g4 Rd3 33. gxf5 Rxe3 34. Qxe3
Qxf5 35. Bg2 Re8 36. Qg3 e3 37. Bc6 Re7 38. Qh4 e2 39. Qxh5+ Kg8 0-1

[Event "3. Hrvatska liga zapad 2017."]
[Site "Pula, Gospić, Rijeka"]
[Date "2017.03.26"]
[Round "2.1"]
[White "Zoricic, Marijan"]
[Black "Mazuran, Marijan"]
[Result "1/2-1/2"]
[WhiteElo "2055"]
[BlackElo "2092"]
[PlyCount "63"]
[EventDate "2017.03.25"]

1. e4 e5 2. Nf3 Nc6 3. Bb5 f5 4. Bxc6 dxc6 5. Nxe5 Qd4 6. Nf3 Qxe4+ 7. Qe2 Nf6
8. Nc3 Qxe2+ 9. Kxe2 Bc5 10. Re1 O-O 11. Kf1 Bd7 12. h3 Ne4 13. Re2 Rae8 14. d3
Nxc3 15. bxc3 Rxe2 16. Kxe2 Re8+ 17. Kf1 Be6 18. Ng5 Bd5 19. c4 Bf7 20. Nxf7
Kxf7 21. Rb1 b6 22. Bb2 g6 23. Bc3 Bf8 24. Bd2 Bg7 25. Bf4 Be5 26. Bd2 Bf6 27.
Bf4 Be5 28. Bd2 Bf6 29. a4 c5 30. Rb3 a5 31. Rb5 Re6 32. g3 1/2-1/2

[Event "3. Hrvatska liga zapad 2017."]
[Site "Pula, Gospić, Rijeka"]
[Date "2017.03.26"]
[Round "2.1"]
[White "Jezidzic, Gordan"]
[Black "Fele, Vladimir"]
[Result "1/2-1/2"]
[WhiteElo "1991"]
[BlackElo "1925"]
[PlyCount "85"]
[EventDate "2017.03.25"]

1. d4 d5 2. c4 c6 3. Nc3 Nf6 4. Nf3 Bf5 5. Nh4 Bg6 6. g3 e6 7. Nxg6 hxg6 8. Qb3
Qd7 9. Bg2 b6 10. O-O Bd6 11. Re1 O-O 12. e4 dxe4 13. Nxe4 Nxe4 14. Bxe4 Qc7
15. Bg2 Nd7 16. Be3 Rac8 17. Rad1 c5 18. dxc5 Bxc5 19. Bxc5 Nxc5 20. Qe3 Rcd8
21. b3 Rxd1 22. Rxd1 Qe7 23. Qd4 Rc8 24. b4 Na6 25. a3 Qc7 26. Bf1 Nb8 27. Qd6
Nc6 28. c5 bxc5 29. Qxc5 Ne7 30. Qxc7 Rxc7 31. Rd8+ Kh7 32. Rd6 Nd5 33. Ra6 g5
34. Kg2 Kg6 35. Bd3+ Kf6 36. Be4 Nc3 37. Bf3 Ke5 38. Ra5+ Nd5 39. a4 Kd4 40.
Bxd5 exd5 41. Kf3 f5 42. h3 Rc3+ 43. Ke2 1/2-1/2

[Event "3. Hrvatska liga zapad 2017."]
[Site "Pula, Gospić, Rijeka"]
[Date "2017.03.26"]
[Round "2.1"]
[White "Djuric, Petar"]
[Black "Zrilic, Bozo"]
[Result "1/2-1/2"]
[WhiteElo "1918"]
[BlackElo "1903"]
[PlyCount "32"]
[EventDate "2017.03.25"]

1. Nf3 d5 2. d4 c6 3. c3 Nf6 4. Bf4 Nh5 5. Bg3 Nxg3 6. hxg3 Nd7 7. Qc2 g6 8.
Nbd2 Nf6 9. e3 Bf5 10. Bd3 e6 11. Bxf5 exf5 12. Ne5 Bg7 13. O-O O-O 14. c4 dxc4
15. Qxc4 Qe7 16. Rfc1 Rfd8 1/2-1/2

[Event "3. Hrvatska liga zapad 2017."]
[Site "Pula, Gospić, Rijeka"]
[Date "2017.03.26"]
[Round "2.1"]
[White "Piacun, Eduard"]
[Black "Jurman, Nenad"]
[Result "0-1"]
[WhiteElo "1952"]
[BlackElo "1814"]
[PlyCount "130"]
[EventDate "2017.03.25"]

1. d4 Nf6 2. g3 g6 3. Bg2 d5 4. c4 c6 5. cxd5 cxd5 6. Nc3 Nc6 7. Bf4 Bg7 8. Nf3
O-O 9. Ne5 Qb6 10. Nxc6 bxc6 11. Qd2 Nd7 12. O-O Qxd4 13. Qc2 e5 14. Rad1 Qc5
15. Be3 d4 16. Qa4 Nb6 17. Qxc6 Qxc6 18. Bxc6 Rb8 19. Bxd4 exd4 20. Nb5 Ba6 21.
Nxd4 Bxd4 22. Rxd4 Bxe2 23. Re1 Bc4 24. Re7 Nc8 25. Rc7 Bxa2 26. b4 Be6 27. b5
Rb6 28. h4 a6 29. bxa6 Rxa6 30. Bf3 Ra3 31. Bd5 Bxd5 32. Rxd5 Ra6 33. Rd2 Nd6
34. Kg2 Ne4 35. Rb2 h5 36. Re2 Nf6 37. Rd2 Kg7 38. Rb2 Rd6 39. Ra2 Rfd8 40. Re7
Rd2 41. Raa7 R8d7 42. Rexd7 Nxd7 43. Kf3 Nf6 44. Ke3 Rb2 45. f3 Rg2 46. Kf4
Nd5+ 47. Ke5 Rxg3 48. Kxd5 Rxf3 49. Ra1 Rf4 50. Rh1 f6 51. Ke6 Re4+ 52. Kd5 Re8
53. Rg1 Re2 54. Rh1 Kh6 55. Rf1 f5 56. Rf4 Kg7 57. Ra4 Re7 58. Rb4 Kh6 59. Rb6
Re4 60. Rb8 Rxh4 61. Ke5 Kg5 62. Rg8 Re4+ 63. Kd5 h4 64. Rg7 h3 65. Rh7 Rh4 0-1

[Event "3. Hrvatska liga zapad 2017."]
[Site "Pula, Gospić, Rijeka"]
[Date "2017.03.26"]
[Round "2.1"]
[White "Zbasnik, Zeljko"]
[Black "Mazuran, Gabrijel"]
[Result "1/2-1/2"]
[WhiteElo "1805"]
[BlackElo "1772"]
[PlyCount "49"]
[EventDate "2017.03.25"]

1. e4 c5 2. Nf3 e6 3. d4 cxd4 4. Nxd4 Nf6 5. Nc3 d6 6. Bg5 Be7 7. Bb5+ Bd7 8.
Bxd7+ Qxd7 9. O-O a6 10. h3 O-O 11. Re1 b5 12. a3 Rd8 13. Qf3 Nc6 14. Nxc6 Qxc6
15. Rac1 h6 16. Bh4 Ra7 17. Bg3 Rb7 18. Re3 a5 19. e5 Qxf3 20. Rxf3 dxe5 21.
Bxe5 Rc8 22. Rd3 b4 23. axb4 axb4 24. Ne2 Nd7 25. Bd6 1/2-1/2

[Event "3. Hrvatska liga zapad 2017."]
[Site "Pula, Gospić, Rijeka"]
[Date "2017.03.26"]
[Round "2.1"]
[White "Beljan, Mladen"]
[Black "Haidinger, Erik"]
[Result "1-0"]
[WhiteElo "1748"]
[BlackElo "1710"]
[PlyCount "59"]
[EventDate "2017.03.25"]

1. e4 c6 2. c3 d5 3. exd5 cxd5 4. d4 Nc6 5. Nf3 Bf5 6. Bd3 Bxd3 7. Qxd3 Nf6 8.
O-O e6 9. Qb5 Qd7 10. Bg5 Be7 11. Nbd2 O-O 12. Qd3 Qc7 13. Rfe1 Rab8 14. g3 b5
15. Bxf6 Bxf6 16. b4 Rfc8 17. Nb3 a5 18. a3 axb4 19. axb4 e5 20. dxe5 Nxe5 21.
Nxe5 Bxe5 22. Nc5 Rb6 23. Rxe5 Qxe5 24. Nd7 Qc7 25. Nxb6 Qxb6 26. Qxd5 g6 27.
Ra5 Rxc3 28. Ra8+ Kg7 29. Qe5+ Qf6 30. Rg8+ 1-0

[Event "3. Hrvatska liga zapad 2017."]
[Site "Pula, Gospić, Rijeka"]
[Date "2017.03.26"]
[Round "2.2"]
[White "Gall, Toni Peter"]
[Black "Franciskovic, Vinko"]
[Result "0-1"]
[WhiteElo "1735"]
[BlackElo "2056"]
[PlyCount "68"]
[EventDate "2017.03.25"]

1. e4 e5 2. Nf3 Nc6 3. c3 d5 4. Bb5 dxe4 5. Nxe5 Qd5 6. Bxc6+ bxc6 7. Qa4 Ne7
8. Nc4 Ng6 9. Ne3 Qe6 10. d4 Bd7 11. Qc4 Bd6 12. Nd2 f5 13. g3 O-O 14. Ng2 Rae8
15. Qxe6+ Bxe6 16. Nb3 f4 17. Bd2 e3 18. fxe3 fxg3 19. O-O-O Bd5 20. Nf4 Nxf4
21. exf4 Bxh1 22. Rxh1 gxh2 23. Rxh2 Bxf4 24. Bxf4 Rxf4 25. Nc5 g5 26. Nd3 Rf5
27. Rh6 g4 28. Rh2 h5 29. Kd2 g3 30. Rh1 Re4 31. Ne1 Rg4 32. Ke3 g2 33. Rg1 Rf1
34. Nf3 Rg3 0-1

[Event "3. Hrvatska liga zapad 2017."]
[Site "Pula, Gospić, Rijeka"]
[Date "2017.03.26"]
[Round "2.2"]
[White "Beric, Zeljko"]
[Black "Bogdanic, Antonela"]
[Result "1/2-1/2"]
[WhiteElo "1919"]
[BlackElo "1710"]
[PlyCount "150"]
[EventDate "2017.03.25"]

1. e4 e5 2. f4 exf4 3. Nc3 Qh4+ 4. Ke2 d6 5. Nf3 Bg4 6. Nd5 Na6 7. d4 g5 8. Bd2
c6 9. Nc3 Be7 10. Be1 Qh6 11. Kf2 Nf6 12. Bxa6 bxa6 13. Qd3 Bc8 14. Qc4 Bb7 15.
h4 g4 16. Ng5 O-O 17. e5 dxe5 18. dxe5 g3+ 19. Kg1 Ng4 20. Bxg3 Nxe5 21. Qxf4
Bc5+ 22. Bf2 Bxf2+ 23. Kxf2 f6 24. Nh3 Qxf4+ 25. Nxf4 Kf7 26. Ne4 Rad8 27. Rhd1
Ke7 28. Ne6 Rxd1 29. Rxd1 Kxe6 30. Nc5+ Ke7 31. Nxb7 Rb8 32. Nd6 Rxb2 33. Ke3
Rxc2 34. Nc8+ Ke6 35. Rd6+ Kf7 36. Rd4 c5 37. Ra4 a5 38. g4 Rc3+ 39. Ke2 Nc6
40. Nd6+ Ke6 41. Ne4 Rc2+ 42. Kd1 Rh2 43. Nxc5+ Kd6 44. Nb7+ Kc7 45. Nxa5 Nxa5
46. Rxa5 Kb6 47. Rh5 Rg2 48. Rxh7 Rxg4 49. h5 Rh4 50. Rh8 Kc5 51. h6 Kb4 52. h7
Ka3 53. Rf8 Rxh7 54. Rxf6 Kxa2 55. Kc2 Rc7+ 56. Kd3 a5 57. Rb6 a4 58. Rb4 a3
59. Rb6 Rc1 60. Kd2 Rb1 61. Ra6 Rb2+ 62. Kc1 Rb4 63. Kc2 Rc4+ 64. Kd3 Rc5 65.
Rb6 Ka1 66. Kd2 Rc4 67. Kd1 Ka2 68. Kd2 Rc5 69. Rb4 Ka1 70. Kd1 Rc3 71. Kd2 Rc5
72. Kd1 a2 73. Kd2 Rd5+ 74. Kc2 Rc5+ 75. Kd2 Rd5+ 1/2-1/2

[Event "3. Hrvatska liga zapad 2017."]
[Site "Pula, Gospić, Rijeka"]
[Date "2017.03.26"]
[Round "2.2"]
[White "Vilke, Filip"]
[Black "Desnica, Lara"]
[Result "0-1"]
[WhiteElo "1671"]
[BlackElo "1300"]
[PlyCount "84"]
[EventDate "2017.03.25"]

1. Nf3 d5 2. g3 Nf6 3. Bg2 Nc6 4. d3 e5 5. Nbd2 Bd6 6. e4 Be6 7. Ng5 Qd7 8.
Nxe6 Qxe6 9. h4 dxe4 10. dxe4 Bc5 11. Bh3 Qe7 12. c3 Rd8 13. Qe2 O-O 14. a4 a5
15. O-O Nd7 16. Nb3 Bb6 17. Bg5 Nf6 18. h5 h6 19. Bh4 g5 20. hxg6 fxg6 21. Bxf6
Rxf6 22. Kg2 Rdf8 23. f3 Qf7 24. Nd2 Kh7 25. Qc4 Qe7 26. Rad1 Rd8 27. Qe2 Rf7
28. Nc4 Ba7 29. Rxd8 Qxd8 30. Rd1 Qe8 31. Rd5 Kg8 32. Qd3 Kg7 33. Nxa5 Nxa5 34.
Rxa5 Bb6 35. Rd5 Qxa4 36. Rxe5 Qa1 37. f4 Qg1+ 38. Kf3 Qf2+ 39. Kg4 Be3 40. f5
h5+ 41. Kh4 g5+ 42. Kxh5 Qf3+ 0-1

[Event "3. Hrvatska liga zapad 2017."]
[Site "Pula, Gospić, Rijeka"]
[Date "2017.03.26"]
[Round "2.3"]
[White "Bakija, Davor"]
[Black "Antunovic, Ivo"]
[Result "0-1"]
[WhiteElo "1991"]
[BlackElo "2109"]
[PlyCount "52"]
[EventDate "2017.03.25"]

1. e4 d6 2. d4 Nf6 3. Nc3 g6 4. f3 Bg7 5. Be3 O-O 6. Qd2 Nc6 7. O-O-O e5 8. d5
Nd4 9. Nge2 c5 10. dxc6 bxc6 11. Nxd4 exd4 12. Bxd4 Be6 13. b3 c5 14. Be3 c4
15. Nd5 cxb3 16. axb3 Bxd5 17. exd5 Qc7 18. Bd4 Rfc8 19. Ba6 Bh6 20. Bxc8 Rxc8
21. c4 Bxd2+ 22. Rxd2 Nd7 23. Re1 Nc5 24. Kc2 Nxb3 25. Kxb3 Qxc4+ 26. Ka3 Rb8
0-1

[Event "3. Hrvatska liga zapad 2017."]
[Site "Pula, Gospić, Rijeka"]
[Date "2017.03.26"]
[Round "2.3"]
[White "Rajkovic, Frano"]
[Black "Rajkovic, Italo"]
[Result "1/2-1/2"]
[WhiteElo "1787"]
[BlackElo "1985"]
[PlyCount "42"]
[EventDate "2017.03.25"]

1. d4 Nf6 2. Nf3 g6 3. Bf4 Bg7 4. e3 d6 5. Be2 Nbd7 6. c4 b6 7. Nc3 Bb7 8. h3
O-O 9. O-O Re8 10. Rc1 Rc8 11. b4 h6 12. Qb3 c5 13. bxc5 dxc5 14. Rfd1 Ne4 15.
Nxe4 Bxe4 16. dxc5 e5 17. Bg3 Rxc5 18. Rd2 Qe7 19. Rcd1 Rc7 20. Ne1 Nc5 21. Qa3
Kh7 1/2-1/2

[Event "3. Hrvatska liga zapad 2017."]
[Site "Pula, Gospić, Rijeka"]
[Date "2017.03.26"]
[Round "2.3"]
[White "Pilepic, Slobodan"]
[Black "Lovric, Dino"]
[Result "1/2-1/2"]
[WhiteElo "1849"]
[BlackElo "1873"]
[PlyCount "45"]
[EventDate "2017.03.25"]

1. d4 f5 2. g3 Nf6 3. Bg2 g6 4. b3 Bg7 5. Bb2 O-O 6. e3 d6 7. Nd2 Nc6 8. Ne2
Re8 9. O-O e5 10. dxe5 dxe5 11. Nc4 e4 12. Qxd8 Rxd8 13. Nd4 Nxd4 14. Bxd4 Be6
15. Rfd1 Bxc4 16. bxc4 Ng4 17. Bxg7 Kxg7 18. Bf1 Ne5 19. Be2 Kf6 20. Rd4 Rd6
21. Rb1 b6 22. Rbd1 Rad8 23. c3 1/2-1/2

[Event "3. Hrvatska liga zapad 2017."]
[Site "Pula, Gospić, Rijeka"]
[Date "2017.03.26"]
[Round "2.3"]
[White "Pahljina, Marko"]
[Black "Desnica, Jovan"]
[Result "1-0"]
[WhiteElo "1863"]
[BlackElo "1724"]
[PlyCount "73"]
[EventDate "2017.03.25"]

1. d4 f5 2. Nf3 d6 3. c4 Nf6 4. Nc3 e6 5. e3 Be7 6. Bd3 O-O 7. O-O b6 8. Re1
Bb7 9. e4 fxe4 10. Nxe4 Nxe4 11. Bxe4 Bxe4 12. Rxe4 Qd7 13. Qe2 Rf6 14. Ng5 Rg6
15. Nxe6 Nc6 16. Nf4 Rf6 17. Nd3 Raf8 18. d5 Ne5 19. Nxe5 dxe5 20. f3 Bd6 21.
Bg5 Rg6 22. Bh4 Rf4 23. Bg3 Rxe4 24. Qxe4 Rg5 25. Re1 Qf5 26. Qxf5 Rxf5 27. a3
a5 28. b4 axb4 29. axb4 Kf7 30. Kf1 Kf6 31. Rb1 g5 32. Ke2 h6 33. Bf2 g4 34. c5
bxc5 35. bxc5 Be7 36. Rb7 Bd8 37. Bh4+ 1-0

[Event "3. Hrvatska liga zapad 2017."]
[Site "Pula, Gospić, Rijeka"]
[Date "2017.03.26"]
[Round "2.3"]
[White "Saric, Husnija"]
[Black "Pahljina, Ivo"]
[Result "1-0"]
[WhiteElo "1815"]
[BlackElo "1381"]
[PlyCount "83"]
[EventDate "2017.03.25"]

1. d4 d6 2. e3 Nf6 3. Be2 Nbd7 4. Nf3 e5 5. dxe5 dxe5 6. O-O Be7 7. c4 O-O 8.
Qc2 c6 9. a3 a5 10. b3 Qc7 11. Nc3 h6 12. Bb2 Re8 13. Rac1 b6 14. Rfd1 Bb7 15.
Nh4 Nf8 16. Nf5 Ng6 17. Bf3 Rad8 18. Ne4 Nxe4 19. Nxe7+ Qxe7 20. Bxe4 Qg5 21.
Rxd8 Rxd8 22. Bxg6 fxg6 23. Qe4 Re8 24. f4 Qg4 25. Bxe5 Re7 26. h3 Qg3 27. Qf3
Qxf3 28. gxf3 Rd7 29. Rc3 b5 30. c5 Ba6 31. b4 a4 32. h4 Bc8 33. e4 Rd8 34. Kf2
Rd2+ 35. Ke3 Rh2 36. Rd3 Kh7 37. Rd8 Bb7 38. Rd7 Bc8 39. Rxg7+ Kh8 40. Rxg6+
Kh7 41. Rg7+ Kh8 42. Rg2+ 1-0

[Event "3. Hrvatska liga zapad 2017."]
[Site "Pula, Gospić, Rijeka"]
[Date "2017.03.26"]
[Round "2.4"]
[White "Vujnovic, Patricija"]
[Black "Dimitrijevic, Sinisa"]
[Result "1/2-1/2"]
[WhiteElo "2125"]
[BlackElo "2027"]
[PlyCount "59"]
[EventDate "2017.03.25"]

1. d4 Nf6 2. Nf3 g6 3. c4 Bg7 4. Nc3 O-O 5. Bg5 h6 6. Bh4 d6 7. Qc2 c5 8. e3
Nc6 9. dxc5 dxc5 10. Rd1 Qa5 11. Qa4 Qxa4 12. Nxa4 b6 13. Bd3 Nb4 14. Bb1 Be6
15. b3 Rad8 16. Ke2 g5 17. Bg3 Bg4 18. h3 Bxf3+ 19. gxf3 Nc6 20. Bc2 Rxd1 21.
Rxd1 Rd8 22. Rxd8+ Nxd8 23. a3 Nd7 24. Kd2 Be5 25. Nc3 Kf8 26. Nb5 a5 27. Nc3
e6 28. Na4 Bxg3 29. fxg3 Ke7 30. Nc3 1/2-1/2

[Event "3. Hrvatska liga zapad 2017."]
[Site "Pula, Gospić, Rijeka"]
[Date "2017.03.26"]
[Round "2.4"]
[White "Vrhovnik, Damir"]
[Black "Sercer, Zoran"]
[Result "0-1"]
[WhiteElo "2049"]
[BlackElo "2091"]
[PlyCount "52"]
[EventDate "2017.03.25"]

1. Nf3 d5 2. c4 e6 3. g3 Nf6 4. Bg2 Be7 5. b3 O-O 6. Bb2 b6 7. O-O Bb7 8. e3 c5
9. Qe2 Nc6 10. d3 Qc7 11. Nc3 Rad8 12. Ne1 a6 13. g4 h6 14. h4 d4 15. Nd1 Nh7
16. Nf3 Nf6 17. g5 Ng4 18. Re1 h5 19. e4 Nce5 20. Bh3 Nxf3+ 21. Qxf3 Qh2+ 22.
Kf1 Ne5 23. Qg2 Qxg2+ 24. Bxg2 Nxd3 25. Re2 Nf4 26. Re1 Ng6 0-1

[Event "3. Hrvatska liga zapad 2017."]
[Site "Pula, Gospić, Rijeka"]
[Date "2017.03.26"]
[Round "2.4"]
[White "Kvaternik, Kresimir"]
[Black "Rajter, Emil"]
[Result "1/2-1/2"]
[WhiteElo "1963"]
[BlackElo "1891"]
[PlyCount "63"]
[EventDate "2017.03.25"]

1. e4 e5 2. Nf3 Nc6 3. Bb5 a6 4. Ba4 Nf6 5. O-O Be7 6. Re1 b5 7. Bb3 d6 8. c3
O-O 9. d4 exd4 10. cxd4 Bg4 11. Nc3 Na5 12. Bc2 b4 13. Nd5 Nxd5 14. exd5 c6 15.
dxc6 Nxc6 16. Qd3 g6 17. Bh6 Re8 18. Ba4 Bd7 19. Bb3 Bf6 20. Bxf7+ Kxf7 21.
Qc4+ Be6 22. Qxc6 Qd7 23. Qc2 Rac8 24. Qd2 Qb5 25. Bf4 Qd5 26. Qxb4 Bg4 27.
Qxd6 Qxd6 28. Bxd6 Bxf3 29. gxf3 Bxd4 30. Red1 Bxb2 31. Rab1 Rc2 32. Bg3
1/2-1/2

[Event "3. Hrvatska liga zapad 2017."]
[Site "Pula, Gospić, Rijeka"]
[Date "2017.03.26"]
[Round "2.4"]
[White "Duda, Daniel"]
[Black "Tomac, Vanja"]
[Result "1/2-1/2"]
[WhiteElo "1847"]
[BlackElo "1926"]
[PlyCount "43"]
[EventDate "2017.03.25"]

1. d4 Nf6 2. c4 g6 3. Nc3 Bg7 4. e4 d6 5. Nf3 O-O 6. Be2 h6 7. O-O c6 8. h3
Nbd7 9. Be3 Qc7 10. Qd2 Kh7 11. Rab1 c5 12. d5 a6 13. Nh2 Ng8 14. f4 Rd8 15.
Nf3 Nf8 16. Bd3 e6 17. a3 f5 18. exf5 exf5 19. b4 b6 20. Rfe1 Re8 21. bxc5 bxc5
22. Qc2 1/2-1/2

[Event "3. Hrvatska liga zapad 2017."]
[Site "Pula, Gospić, Rijeka"]
[Date "2017.03.26"]
[Round "2.4"]
[White "Acinger, Zeljko"]
[Black "Glad, Ranko"]
[Result "0-1"]
[WhiteElo "1937"]
[BlackElo "1696"]
[PlyCount "74"]
[EventDate "2017.03.25"]

1. e4 c5 2. Nf3 d6 3. d4 cxd4 4. Nxd4 g6 5. Be2 Bg7 6. O-O Nf6 7. Nc3 O-O 8.
Be3 Nc6 9. Nb3 a6 10. a4 Be6 11. f4 Bxb3 12. cxb3 Nd7 13. Bf3 Rc8 14. Rf2 Nc5
15. Nd5 e6 16. b4 Nxe4 17. Bxe4 exd5 18. Bxd5 Re8 19. Ra3 Rxe3 20. Bxc6 Rxa3
21. bxa3 Rxc6 22. g3 d5 23. f5 d4 24. fxg6 hxg6 25. b5 Rd6 26. Qb3 Rd7 27. Qd3
Qa5 28. Qc4 Qe1+ 29. Kg2 Qe4+ 30. Kg1 Re7 31. bxa6 bxa6 32. Qc8+ Re8 33. Qxa6
d3 34. Qa7 Re7 35. Qb8+ Kh7 36. Rf4 Bd4+ 37. Kf1 Qe2# 0-1

[Event "3. Hrvatska liga zapad 2017."]
[Site "Pula, Gospić, Rijeka"]
[Date "2017.03.26"]
[Round "2.5"]
[White "Zufic, Zeljko"]
[Black "Kukuljan, Vlatko"]
[Result "1-0"]
[WhiteElo "2209"]
[BlackElo "2025"]
[PlyCount "73"]
[EventDate "2017.03.25"]

1. d4 d5 2. Nf3 Nf6 3. c4 c6 4. Nc3 Qb6 5. g3 Bg4 6. Ne5 Bf5 7. Bg2 e6 8. O-O
Be7 9. h3 h6 10. g4 Bh7 11. Na4 Qd8 12. b3 O-O 13. Bb2 Nbd7 14. Nxd7 Nxd7 15.
Nc3 f5 16. gxf5 Bxf5 17. e4 dxe4 18. Nxe4 Bxe4 19. Bxe4 Rf4 20. Qe2 Bd6 21. Bg2
Qe7 22. Rae1 Re8 23. Qd3 Kh8 24. Re4 Ref8 25. Rxf4 Rxf4 26. Re1 Qh4 27. Qg3 Qe7
28. Qe3 Qh4 29. Re2 e5 30. dxe5 Bc5 31. Qd2 Nf8 32. e6 Ng6 33. b4 Qg5 34. Kh2
Nh4 35. Bh1 Rxf2+ 36. Rxf2 Nf3+ 37. Bxf3 1-0

[Event "3. Hrvatska liga zapad 2017."]
[Site "Pula, Gospić, Rijeka"]
[Date "2017.03.26"]
[Round "2.5"]
[White "Jerkovic, Maroje"]
[Black "Konic, Zlatko"]
[Result "1-0"]
[WhiteElo "2083"]
[BlackElo "2097"]
[PlyCount "183"]
[EventDate "2017.03.25"]

1. e4 e5 2. f4 d5 3. exd5 e4 4. d3 Qxd5 5. Nc3 Bb4 6. Bd2 Bxc3 7. Bxc3 Nf6 8.
dxe4 Qxe4+ 9. Qe2 Qxe2+ 10. Nxe2 Nbd7 11. O-O-O O-O 12. Ng3 Ng4 13. Re1 Nb6 14.
h3 Nh6 15. Nh5 f6 16. Bb4 Bd7 17. Bxf8 Kxf8 18. Bd3 Kf7 19. g4 g6 20. Nxf6 Kxf6
21. g5+ Kg7 22. gxh6+ Kxh6 23. f5 gxf5 24. Rhg1 Nd5 25. Re5 Nf4 26. Re7 Rd8 27.
Rgg7 Nxd3+ 28. cxd3 Bc6 29. Rxh7+ Kg5 30. Kd2 Bb5 31. Re3 Bd7 32. Re5 Kg6 33.
Rh4 Bc6 34. Ke3 Kf6 35. d4 Bd5 36. Rf4 Be6 37. h4 b6 38. b4 Rg8 39. Kf2 Rd8 40.
a3 a6 41. Re3 Bd5 42. Rg3 Be4 43. Rxe4 fxe4 44. Ke3 c5 45. bxc5 bxc5 46. dxc5
Rd5 47. Rg5 Rd3+ 48. Kxe4 Rxa3 49. Kd5 Rd3+ 50. Kc4 Rh3 51. Rg4 Ke6 52. Rd4 Rh1
53. Re4+ Kd7 54. Kd5 Rd1+ 55. Rd4 Rh1 56. c6+ Kc7 57. Rc4 Rd1+ 58. Kc5 Rh1 59.
Kb4 Rb1+ 60. Ka5 Ra1+ 61. Kb4 Rb1+ 62. Kc5 Rh1 63. Kd5 Re1 64. Rc3 Rh1 65. Rc4
Re1 66. Re4 Rd1+ 67. Rd4 Re1 68. Ra4 Rd1+ 69. Ke5 Kb6 70. Rc4 Kc7 71. Kf5 Rh1
72. Kg5 a5 73. h5 Rg1+ 74. Rg4 Rh1 75. Rh4 Rg1+ 76. Kf5 Kxc6 77. h6 Rg8 78. h7
Rh8 79. Kg6 Kb5 80. Kg7 Rxh7+ 81. Rxh7 Kb4 82. Kf6 a4 83. Ke5 Kb3 84. Kd4 a3
85. Kd3 Kb2 86. Rh2+ Kb3 87. Rh8 Kb2 88. Rb8+ Ka1 89. Kc2 a2 90. Kb3 Kb1 91.
Ka3+ Ka1 92. Rh8 1-0

[Event "3. Hrvatska liga zapad 2017."]
[Site "Pula, Gospić, Rijeka"]
[Date "2017.03.26"]
[Round "2.5"]
[White "Pasalic, Enio"]
[Black "Ban, Ivoslav"]
[Result "1-0"]
[WhiteElo "2002"]
[BlackElo "2009"]
[PlyCount "97"]
[EventDate "2017.03.25"]

1. d4 Nf6 2. Nf3 d5 3. c4 c6 4. Nc3 e6 5. Bg5 Be7 6. e3 O-O 7. Bd3 dxc4 8. Bxc4
Nd5 9. Bxe7 Qxe7 10. O-O Nxc3 11. bxc3 Nd7 12. e4 b5 13. Bd3 Bb7 14. Qe2 a6 15.
a4 Nb6 16. a5 Nd7 17. e5 c5 18. h4 c4 19. Bxh7+ Kh8 20. Be4 Bxe4 21. Qxe4 g6
22. Qg4 Rg8 23. Ng5 Kg7 24. Rfe1 Rh8 25. g3 Rh5 26. Re3 Rxg5 27. Qxg5 Qxg5 28.
hxg5 Rd8 29. f4 Nb8 30. g4 Nc6 31. f5 gxf5 32. gxf5 exf5 33. e6 Ne7 34. Re5 f6
35. gxf6+ Kxf6 36. Rae1 Rd5 37. Kf2 Rxe5 38. Rxe5 Nc6 39. Re1 Ne7 40. Re2 Nd5
41. Ke1 Ke7 42. Kd2 f4 43. Re5 Nf6 44. d5 Kd6 45. Rf5 Ne4+ 46. Kc2 Ke7 47. Rxf4
Nc5 48. Rf7+ Kd6 49. Ra7 1-0

[Event "3. Hrvatska liga zapad 2017."]
[Site "Pula, Gospić, Rijeka"]
[Date "2017.03.26"]
[Round "2.5"]
[White "Relja, Marin"]
[Black "Siljan, Milorad"]
[Result "1/2-1/2"]
[WhiteElo "1994"]
[BlackElo "1997"]
[PlyCount "120"]
[EventDate "2017.03.25"]

1. b3 Nf6 2. Bb2 e6 3. e3 Be7 4. Nf3 O-O 5. c4 b6 6. Be2 Bb7 7. O-O c5 8. Nc3
d5 9. cxd5 Nxd5 10. Nxd5 Bxd5 11. Qc2 Nd7 12. Rfd1 Rc8 13. Ba6 Rc7 14. Rac1
Bxf3 15. gxf3 Bd6 16. Qe4 Qg5+ 17. Qg4 Qh6 18. f4 e5 19. Qg5 Qxg5+ 20. fxg5 Nb8
21. Be2 Nc6 22. Bb5 a6 23. Be2 Rd8 24. Bc3 a5 25. a3 Kf8 26. Kg2 Ke7 27. Kf3
Rf8 28. Rg1 g6 29. Ke4 f5+ 30. gxf6+ Rxf6 31. f3 Rf5 32. h4 c4 33. bxc4 Bxa3
34. Rcd1 Bb4 35. Ba1 Kf8 36. Rg5 Rxg5 37. hxg5 Be7 38. Rb1 Bxg5 39. Rxb6 Be7
40. Kd5 Nb4+ 41. Ke6 Rc6+ 42. Rxc6 Nxc6 43. Bd1 Bb4 44. d4 exd4 45. exd4 h5 46.
f4 Bd2 47. d5 Nd8+ 48. Kf6 Bxf4 49. Kxg6 h4 50. Kf5 Bg3 51. Kg4 Ke7 52. Bc3 Nb7
53. Ba4 Kd6 54. Bc6 Nd8 55. Bb5 Nb7 56. Bd4 Nc5 57. Bg7 Nd7 58. Bc3 Ne5+ 59.
Kh3 Kc5 60. Bxa5 Nxc4 1/2-1/2

[Event "3. Hrvatska liga zapad 2017."]
[Site "Pula, Gospić, Rijeka"]
[Date "2017.03.26"]
[Round "2.5"]
[White "Marceta, Milan"]
[Black "Kovacic, Dragutin"]
[Result "1/2-1/2"]
[WhiteElo "1973"]
[BlackElo "2004"]
[PlyCount "145"]
[EventDate "2017.03.25"]

1. e4 e6 2. d4 d5 3. Nd2 c5 4. c3 Nc6 5. Ngf3 cxd4 6. cxd4 Bb4 7. e5 Nge7 8.
Bd3 Qb6 9. O-O Bxd2 10. Qxd2 Bd7 11. Qe3 Rc8 12. Bd2 Nb4 13. Rfc1 Nxd3 14. Qxd3
O-O 15. Ng5 Nf5 16. Bc3 h6 17. Nf3 Ne7 18. h4 Ng6 19. g3 Bb5 20. Qe3 f5 21.
exf6 Rxf6 22. Be1 Rcf8 23. Nh2 e5 24. Rc5 Bc6 25. b4 e4 26. a4 Ne7 27. b5 Be8
28. a5 Qe6 29. Qb3 a6 30. bxa6 bxa6 31. Rac1 Bh5 32. Rc7 R6f7 33. Qb6 Qh3 34.
Qxa6 Bf3 35. Qf1 Qe6 36. Bd2 Nf5 37. Nxf3 Nxg3 38. R1c6 Qxc6 39. Rxc6 Nxf1 40.
Bb4 Rb8 41. Ne5 Rxb4 42. Nxf7 Kxf7 43. Kxf1 Rxd4 44. a6 Ra4 45. Rc7+ Kg6 46. a7
d4 47. Rd7 d3 48. Kg2 d2 49. Rxd2 Rxa7 50. Kg3 Rf7 51. Rd5 Rf3+ 52. Kg2 Kf6 53.
Rd4 Ke5 54. Rd7 g5 55. Rh7 Rf6 56. hxg5 hxg5 57. Rg7 Kf4 58. Re7 Rf5 59. Re6
Rd5 60. Re8 Re5 61. Rf8+ Kg4 62. Rf7 e3 63. f3+ Kh5 64. Rh7+ Kg6 65. Rh1 Kf5
66. Kg3 e2 67. Re1 Re3 68. Kf2 Kf4 69. Rxe2 Rxf3+ 70. Kg2 Rc3 71. Rb2 g4 72.
Ra2 Kg5 73. Ra8 1/2-1/2